000 01043nam a22002537a 4500
005 20240530110405.0
008 150201s2012 ua g 000 0 ara d
017 _a2011/1692
_bمصر . دار الكتب المصرية
020 _a9789774382086
040 _aEG-CaGPL
041 0 _aara
082 0 4 _221
_a346.073\
_bح ح
100 0 _aحنان ريحان مبارك المضحكى
245 1 2 _aالحماية الجنائية لبطاقات الائتمان الممغنطة :
_bدراسة مقارنة /
_cحنان ريحان مبارك المضحكى
260 _aالاسكندرية :
_bالمكتب الجامعى الحديث ،
_c2012
300 _a228 ص ؛
_c24 سم
504 _aببليوجرافية : ص 215 - 225
650 0 4 _aبطاقات الائتمان
650 0 4 _aالبطاقات المصرفية
650 0 4 _aبطاقات الائتمان
_xحماية
650 0 4 _aبطاقات الائتمان
_xقوانين وتشريعات
942 _2ddc
_cBK
999 _c60343
_d60343